| 000 | 01224nam a2200301 i 4500 | ||
|---|---|---|---|
| 001 | 000032915 | ||
| 003 | DO-SdBNP | ||
| 005 | 20241003153537.0 | ||
| 007 | ta | ||
| 008 | 081124s1938 dr r 000 0 spa d | ||
| 040 |
_aDO-SdBNP _bspa _cBNPHU _erda |
||
| 082 | 4 |
_a972.9304 _bG958d, 1938 _222 |
|
| 100 | 1 |
_aGuillermin, Gilbert, _eautor _4aut. _9574 |
|
| 245 | 1 | 0 |
_aDiario histórico : _bGuerra Domínico-Francesa de 1808 / _cGilbert Guillermin ; traducido del francés, Armando Rodríguez. |
| 264 | 4 |
_asanto Domingo : _bEditor Academia Dominicana de la Historia, _c1938. |
|
| 300 |
_a287, lii páginas : _bilustraciones, mapas, retratos ; _c23 cm. |
||
| 336 |
_atexto _btxt _2rdacontent |
||
| 337 |
_asin mediación _bn _2rdamedia |
||
| 338 |
_avolumen _bnc _2rdacarrier |
||
| 500 | _aIncluye referencias bibliográficas y notas al pie de las páginas | ||
| 590 | _aInventariado, 2024/BT | ||
| 600 | 1 | 4 |
_aGuillermin, Gilbert _9575 |
| 651 | 4 |
_aRepública Dominicana -- _xHistoria -- _xGobierno colonial francés -- _y1795-1809 _937754 |
|
| 651 | 4 |
_aRepública Dominicana _xHistoria _y1809-1822 _9577 |
|
| 700 | 1 |
_aRodríguez, Armando, _etraductor _4tr. _9578 |
|
| 910 | _aValidado. Control de calidad. MMOLINA | ||
| 942 |
_2ddc _cLBS1 |
||
| 999 |
_c32406 _d32406 |
||